| 000 | 00360cam a22001217a 4500 | ||
|---|---|---|---|
| 008 | 180718b1991 xxu||||| |||| 00| 0 eng d | ||
| 020 | _a8171190391 | ||
| 100 | _aDubey, Shyam Charan | ||
| 245 |
_aParampra itihas-bodh aur sanskriti (Hindi) _cby Shyam Charan Dubey |
||
| 260 |
_aNew Delhi _bRadhakrishan _c1991 |
||
| 300 | _a167p. | ||
| 650 | _aIndia-culture,history | ||
| 999 |
_c405911 _d405911 |
||